书目信息 |
| 题名: |
家居品鉴
|
|
| 作者: | 时涛 , 宋岩 , 胡恒毅 编著 | |
| 分册: | ||
| 出版信息: | 北京 中国纺织出版社 2010.07 |
|
| 页数: | 263页 | |
| 开本: | 24cm | |
| 丛书名: | 品鉴系列丛书 | |
| 单 册: | ||
| 中图分类: | TU767 | |
| 科图分类: | ||
| 主题词: | 住宅--zhu zhai--室内装修--建筑设计 | |
| 电子资源: | ||
| ISBN: | 978-7-5064-6460-4 | |
| 000 | 01054nam 2200277 450 | |
| 001 | 012010369616 | |
| 005 | 20101105102345.06 | |
| 010 | @a978-7-5064-6460-4@dCNY39.80 | |
| 100 | @a20101105d2010 em y0chiy0120 ea | |
| 101 | 0 | @achi |
| 102 | @aCN@b110000 | |
| 105 | @aa z 000yy | |
| 106 | @ar | |
| 200 | 1 | @a家居品鉴@Ajia ju pin jian@f时涛, 宋岩, 胡恒毅编著@Fshi tao,song yan,hu heng yi bian zhu |
| 210 | @a北京@c中国纺织出版社@d2010.07 | |
| 215 | @a263页@c图@d24cm | |
| 225 | 2 | @a品鉴系列丛书@Apin jian xi lie cong shu |
| 330 | @a本书共分为11章,图文并茂地介绍了11种家居陈设:最能展现出“另类”视觉感的瓷砖,带来放松清爽感的地板,集时尚高雅前卫经典于一身的地毯,体现主人审美品位的布艺,窗户上的一方风景窗帘,打造梦幻般魅影的灯具,演奏出生活情趣的厨具等。 | |
| 410 | 0 | @12001 @a品鉴系列丛书 |
| 606 | 0 | @a住宅@Azhu zhai@x室内装修@x建筑设计 |
| 690 | @aTU767@v4 | |
| 701 | 0 | @a时涛@Ashi tao@4编著 |
| 701 | 0 | @a宋岩@Asong yan@4编著 |
| 701 | 0 | @a胡恒毅@Ahu heng yi@4编著 |
| 801 | 0 | @aCN@bQSSK@c20101105 |
| 905 | @b787533-35@dTU767@eS561@f3 | |
| 家居品鉴/时涛, 宋岩, 胡恒毅编著.-北京:中国纺织出版社,2010.07 |
| 263页:图;24cm.-(品鉴系列丛书) |
| ISBN 978-7-5064-6460-4:CNY39.80 |
| 本书共分为11章,图文并茂地介绍了11种家居陈设:最能展现出“另类”视觉感的瓷砖,带来放松清爽感的地板,集时尚高雅前卫经典于一身的地毯,体现主人审美品位的布艺,窗户上的一方风景窗帘,打造梦幻般魅影的灯具,演奏出生活情趣的厨具等。 |
| ● |
| 相关链接 |
|
|
|
正题名:家居品鉴
索取号:TU767/S561
 
预约/预借
| 序号 | 登录号 | 条形码 | 馆藏地/架位号 | 状态 | 备注 |
| 1 | 787533 | 207875334 | 建筑库201/201建筑库 46排1列3层/ [索取号:TU767/S561] | 在馆 | |
| 2 | 787534 | 207875343 | 建筑库201/201建筑库 46排1列3层/ [索取号:TU767/S561] | 在馆 | |
| 3 | 787535 | 207875352 | 建筑库201/201建筑库 46排1列3层/ [索取号:TU767/S561] | 在馆 |